00642 2200229 4500001002100000005001500021035002000036007000300056008004100059020001800100082000800118084001400126100001900140245009700159260003200256300003700288650002100325700001200346520003000358990001200388990001200400INLIS00000000000151320180212090818 a0010-0218000108ta180212 g 0 ind  a9786023752287 a808 a808 MON s0 aMONICA, Anggen1 a9 Langkah Cepat Selesaikan Outline Tulisan Fiksi & Nonfiksi /cMonica Anggen, editor; Mira R aJakarta :bGramedia,c[s.a] aviii, 174 hlm. :bilus. ;c20 cm aPENULISAN TEKNIS0 aMIRA, R abibliografi: hlm. 173-174 a16416 a a16416 b